Một chiếc giầy thêu hoa

में बचाया:
ग्रंथसूची विवरण
मुख्य लेखक: Trương Ngọc Thụy
स्वरूप: पुस्तक
भाषा:Undetermined
प्रकाशित: H. Hội nhà văn 2003
विषय:
टैग : टैग जोड़ें
कोई टैग नहीं, इस रिकॉर्ड को टैग करने वाले पहले व्यक्ति बनें!
Thư viện lưu trữ: Trung tâm Học liệu Trường Đại học Cần Thơ
LEADER 00577nam a2200193Ia 4500
001 CTU_60025
008 210402s9999 xx 000 0 und d
020 |b 40000 
082 |a 895.13 
082 |b Th523 
100 |a Trương Ngọc Thụy 
245 0 |a Một chiếc giầy thêu hoa 
245 0 |c Trương Ngọc Thụy; Dương Quốc Anh biên dịch 
260 |a H. 
260 |b Hội nhà văn 
260 |c 2003 
650 |a horror fiction, chinese ( vietnamese ) 
904 |i Minh 
980 |a Trung tâm Học liệu Trường Đại học Cần Thơ